Exposicions de temàtica mediambiental
Descripción Física:
40 f. ; 30 cm
Colección:
Documents de medi ambient
MARC
| LEADER | 00000nam a2200000Ia 4500 | ||
|---|---|---|---|
| 001 | 24298 | ||
| 008 | 160829s1993 xx 000 0 cat d | ||
| 080 | |a FU-65-10 | ||
| 100 | |a Codinach, Eulàlia |9 191 | ||
| 245 | |a Exposicions de temàtica mediambiental | ||
| 260 | |a [Barcelona] : |b Diputació de Barcelona. Servei del Medi Ambient, |c 1993 | ||
| 300 | |a 40 f. ; |c 30 cm | ||
| 490 | |a Documents de medi ambient | ||
| 590 | |a A la portada: Núm. 005; àmbit: educació i divulgació ambiental | ||
| 650 | |a Ecologia |x Ensenyament |x Barcelona (província) |x Exposicions |9 49806 | ||
| 710 | 1 | |a Barcelona (Catalunya : Província). |b Servei de Medi Ambient |9 53475 | |
| 901 | |a Arxiu | ||
| 942 | |n 1 | ||
| 952 | |0 0 |1 0 |4 0 |6 FU6510 |7 1 |9 55606 |a Arxiu |b Arxiu |d 2016-12-01 |l 0 |o FU-65-10 |p 24298 |r 2016-12-01 00:00:00 |w 2016-12-01 |y ARXIU | ||
| 999 | |c 59479 |d 59479 | ||